1159 1657 1021 1057 1579 1434 1271 1418 1576 1547 1680 1862 1292 1813 1342 1916 1170 1082 1991 1328 1222 1258 1529 1841 1765 1256 1881 1547 1067 1594 1697 1912 1082 1058 1134 1642 1147 1851 1577 1780 1079 1786 1154 1132 1693 1632 1235 1256 1538 1390 1700 1030 1933 1523 1573 1851 1339 1613 1969 1715 1471 1050 1891 1023 1620 1101 1445 1166 1012 1887 1993 1238 1373 1825 1596 1004 1887 1773 1361 1205 1209 1300 1437 1032 1156 1034 1657 1480 1123 1373 1844 1786 1431 1507 1355 1773 1018 1219 1541 BCNSPRNW ULIB Ver.6.0+V

เปลี่ยนเป็นภาษาไทย

Change to English
 แสดงรายละเอียดบรรณานุกรม
  กลับหน้าหลัก

Brief Record : Get Marc (ISO 2709) : E-mail record : QR code < ปิดหน้าต่าง
LEADER : 00000nam 2200000uu 4500
001    13399127177
003     ULIB
008    191019s2018||||th 000 0 tha d
020    ^a9781506237381 (pbk.)
050  4 ^aPE1128^bF773
245 00 ^a4 Practice tests for the TOEFL, 2019-2020 /^c[KaplanPublishing]
246 30 ^aFour practice tests for the TOEFL, 2019-2020
246 30 ^aKaplan TOEFL, 2019-2020 :^b4 practice tests essentialpractice for the TOEFL iBT
246 30 ^aTOEFL iBT, 2019-2020
246 30 ^aTest of English as a Foreign Language, 2019-2020
246 30 ^aKaplan Test of English as a Foreign Language, 2019-2020
260    ^aNew York :^bKaplan Publishing,^c2018
300    ^a192 p. ;^c28 cm.
650  0 ^aTest of English as a Foreign Language^vStudy guides
650  0 ^aEnglish language^vTextbooks for foreign speakers
650  0 ^aEnglish language^xExaminations^vStudy guides
945    ^p0^l0^i27869
999    ^aกัณชพร จุลอักษร
รายการนี้ยังไม่มีแท็ก
คุณยังไม่ได้ล็อกอิน คุณสามารถมีกิจกรรมร่วมกับเว็บไซต์ได้ แต่ต้องล็อกอินก่อน ::
  ล็อกอิน

รายการสื่อสารสนเทศ

ลำดับที่ ประเภท เลขเรียก/บาร์โค้ด สถานที่ สถานะ
1. วิทยาศาสตร์การแพทย์ และสุขภาพ
วิทยาศาสตร์การแพทย์ และสุขภาพ
PE1128 F773 ฉ.1 
  Barcode: 27869
ห้องสมุดวิทยาเขตนครสวรรค์
►หนังสือทั่วไป:l:General Books
ถูกยืม กำหนดส่งวันที่ 23 ธันวาคม 2568
  จอง

BibComment


ยังไม่เคยถูกคอมเมนท์

คอมเมนท์ทรัพยากรรายการนี้
  คอมเมนท์: 4 Practice tests..


 Copyright 2026. Bcnsprnw @Library